| 000 | 01352nam0a22003011 4500 | ||
|---|---|---|---|
| 001 | rc\2196407 | ||
| 005 | 20110829164610.9 | ||
| 035 | _a(NLR Aleph) 006693320 | ||
| 090 |
_a5168306 _c5168306 |
||
| 100 | _a20110829d1979 |||y0rusy50 ca | ||
| 101 | 0 | _arus | |
| 102 | _aRU | ||
| 105 | _aa z ||||| | ||
| 200 | 1 |
_aМеханизация и автоматизация производственных процессов в машиностроении _eМатериалы науч.-практ. конф. 2-3 окт. _fПод ред. А.И. Федотова, М.С. Лебедовского |
|
| 210 |
_aЛенинград _cЛДНТП _d1979 |
||
| 215 |
_a93 с. _cил. _d20 |
||
| 300 | _aВ надзаг.: О-во "Знание" РСФСР, Ленингр. орг., Ленингр. дом науч.-техн. пропаганды | ||
| 606 |
_aМашиностроение _jСборники _xАвтоматизация и механизация _2psbo |
||
| 702 | 1 |
_aЛебедовский _bМ. С. _4340 |
|
| 702 | 1 |
_aФедотов _bА. И. _4340 |
|
| 712 | 0 | 2 |
_aЛенинградский дом науч.-техн. пропаганды _3RU\NLR\AUTH\889940416 |
| 801 | 0 |
_aRU _bNLR _gpsbo |
|
| 801 | 1 |
_aRU _bELAR _2rusmarc |
|
| 852 |
_aNLR _j80-4/339 |
||
| 899 |
_aRuMoRGB _jB 79-49/413 |
||
| 899 |
_aRuMoRGB _jB 79-49/414 |
||
| 942 | _cBOOK | ||
| 980 | _aNB | ||